[Event "Athens ChessSquare Spring op"]
[Site "Athens"]
[Date "2016.04.23"]
[Round "1"]
[White "Papamichael, Georgios"]
[Black "Kilakos, Dimitrios"]
[Result "1-0"]
[WhiteElo "1696"]
[BlackElo "1358"]
[PlyCount "43"]
[EventDate "2016.04.23"]
[EventType "swiss"]
[EventRounds "7"]
[EventCountry "GRE"]
[SourceTitle "EXT 2024"]
[Source "ChessBase"]
[SourceDate "2023.10.10"]
[SourceVersion "1"]
[SourceVersionDate "2023.10.10"]
[SourceQuality "1"]

1. e4 e6 2. d4 d5 3. Nc3 dxe4 4. Nxe4 Bd7 5. c4 Bc6 6. Nc3 Nf6 7. Nf3 Bxf3 8. Qxf3 c6 9. Bg5 Be7 10. 0-0-0 Qa5 11. Ne4 Nbd7 12. Kb1 0-0 13. Bd3 Rfe8 14. h4 e5 15. h5 exd4 16. h6 Ne5 17. Nxf6+ Bxf6 18. Qf5 Qd8 19. Qxh7+ Kf8 20. hxg7+ Ke7 21. Qf5 Bxg5 22. Qxe5+ 1-0

[Event "Athens Smaok U1900 op 35th"]
[Site "Athens"]
[Date "2016.03.04"]
[Round "1.1"]
[White "Kilakos, Dimitrios"]
[Black "Anairousis, Panagiotis"]
[Result "0-1"]
[WhiteElo "1354"]
[BlackElo "1937"]
[PlyCount "64"]
[EventDate "2016.03.04"]
[EventType "swiss"]
[EventRounds "7"]
[EventCountry "GRE"]
[SourceTitle "EXT 2024"]
[Source "ChessBase"]
[SourceDate "2023.10.10"]
[SourceVersion "1"]
[SourceVersionDate "2023.10.10"]
[SourceQuality "1"]

1. d4 d5 2. Nf3 Bf5 3. Bf4 e6 4. e3 Nf6 5. c4 c6 6. cxd5 Nxd5 7. Bxb8 Rxb8 8. Nc3 Bb4 9. Rc1 Qa5 10. Qb3 h6 11. Be2 0-0 12. 0-0 Nxc3 13. bxc3 Ba3 14. Rce1 Bd6 15. Bd1 Be4 16. c4 Bb4 17. Re2 b5 18. Ne5 bxc4 19. Qxc4 Bd5 20. Qc2 Bc3 21. Qd3 Rb2 22. Rxb2 Bxb2 23. Bc2 f5 24. Rb1 Qxa2 25. Ng6 Re8 26. f3 Qa3 27. Qxa3 Bxa3 28. Ra1 Bb4 29. Rxa7 Bc3 30. Ne5 c5 31. Nd7 cxd4 32. exd4 Bxd4+ 0-1

[Event "Paleochora op 3rd"]
[Site "Paleochora"]
[Date "2010.07.22"]
[Round "1"]
[White "Kilakos, Dimitrios"]
[Black "Jerez Perez, Alfonso"]
[Result "0-1"]
[WhiteElo "1503"]
[BlackElo "2415"]
[PlyCount "44"]
[EventDate "2010.07.22"]
[EventType "swiss"]
[EventRounds "9"]
[EventCountry "GRE"]
[SourceTitle "CBM 137 Extra"]
[Source "ChessBase"]
[SourceDate "2010.09.01"]
[SourceVersion "1"]
[SourceVersionDate "2010.09.01"]
[SourceQuality "1"]

1. e4 c5 2. Nf3 d6 3. d4 cxd4 4. Nxd4 Nf6 5. Nc3 Nc6 6. Be3 Ng4 7. Be2 Nxe3 8. fxe3 g6 9. 0-0 Bg7 10. Rf2 0-0 11. Qd2 Ne5 12. Raf1 Bd7 13. Nd5 a6 14. c3 Bc6 15. Bd1 Bxd5 16. exd5 Bh6 17. Be2 Qa5 18. Nf3 Ng4 19. Qd4 Nxf2 20. Rxf2 Qc5 21. Qh4 Bxe3 22. Ng5 Bxf2+ 0-1